[Event "Titled Tuesday intern op 3rd Oct"]
[Site "Chess.com INT"]
[Date "2017.10.03"]
[Round "4"]
[White "De los Santos Coello, Jose"]
[Black "Thanh, Nha Duong"]
[Result "1/2-1/2"]
[WhiteElo "2046"]
[BlackElo "2295"]
[PlyCount "88"]
[EventDate "2017.10.03"]
[EventType "swiss (blitz)"]
[EventRounds "10"]
[EventCountry "USA"]
[SourceTitle "EXT 2021"]
[Source "ChessBase"]
[SourceDate "2020.10.23"]
[SourceVersion "1"]
[SourceVersionDate "2020.10.23"]
[SourceQuality "1"]

1. e4 d6 2. Nc3 Nf6 3. Bc4 e5 4. d3 Be7 5. f4 c6 6. Nf3 exf4 7. Bxf4 d5 8. Bb3 dxe4 9. Nxe4 Nxe4 10. dxe4 Qxd1+ 11. Rxd1 0-0 12. 0-0 Nd7 13. Bd6 Bxd6 14. Rxd6 Nc5 15. Ng5 Nxb3 16. axb3 f6 17. Ne6 Bxe6 18. Rxe6 Rfe8 19. Rxe8+ Rxe8 20. Re1 Re5 21. Kf2 Kf7 22. Kf3 Ke7 23. Rd1 Rc5 24. Rd2 a5 25. Re2 Re5 26. Rd2 g6 27. Rd1 h5 28. Rd2 Rc5 29. Re2 Ke6 30. Rd2 b5 31. Re2 Re5 32. Rd2 b4 33. Rd8 Rc5 34. Rd2 g5 35. h3 Ke5 36. Re2 Rb5 37. Rd2 Rb7 38. Ke3 Re7 39. Rf2 Ra7 40. Rf5+ Ke6 41. Rc5 Kd6 42. Rf5 Ke6 43. Rc5 Kd6 44. Rf5 Ke6 1/2-1/2

[Event "Titled Tuesday intern op 3rd Oct"]
[Site "Chess.com INT"]
[Date "2017.10.03"]
[Round "3"]
[White "Thanh, Nha Duong"]
[Black "Kosteniuk, Alexandra"]
[Result "0-1"]
[WhiteElo "2300"]
[BlackElo "2552"]
[PlyCount "116"]
[EventDate "2017.10.03"]
[EventType "swiss (blitz)"]
[EventRounds "10"]
[EventCountry "USA"]
[SourceTitle "EXT 2021"]
[Source "ChessBase"]
[SourceDate "2020.10.23"]
[SourceVersion "1"]
[SourceVersionDate "2020.10.23"]
[SourceQuality "1"]

1. Nf3 Nf6 2. g3 b6 3. Bg2 Bb7 4. 0-0 e6 5. c4 Be7 6. Nc3 0-0 7. b3 d5 8. Ne5 Nbd7 9. d4 c5 10. e3 cxd4 11. exd4 Rc8 12. Bb2 Ba6 13. Nb5 Bxb5 14. cxb5 Nxe5 15. dxe5 Nd7 16. Rc1 Bc5 17. a3 Rc7 18. b4 Be7 19. Rc6 Nb8 20. Rc2 Qd7 21. Rxc7 Qxc7 22. Qd3 Rc8 23. Rc1 Qd7 24. Rxc8+ Qxc8 25. Qc3 Qxc3 26. Bxc3 Nd7 27. f4 Kf8 28. Kf2 Ke8 29. Ke3 g6 30. Kd3 Bf8 31. Bd4 h5 32. Kc3 Bh6 33. a4 Kd8 34. a5 Kc7 35. Bf3 h4 36. Be2 hxg3 37. hxg3 Nf8 38. Bd3 Nd7 39. Be2 g5 40. Be3 gxf4 41. gxf4 Nxe5 42. fxe5 Bxe3 43. Bh5 Bf4 44. Kd4 f6 45. exf6 Kd6 46. f7 Bh6 47. axb6 axb6 48. Bg4 e5+ 49. Kd3 e4+ 50. Kd4 Bg7+ 51. Ke3 Ke5 52. Ke2 d4 53. Bh5 d3+ 54. Kd2 Kd4 55. Bg6 e3+ 56. Kd1 e2+ 57. Ke1 Ke3 58. Bxd3 Bc3# 0-1

[Event "Titled Tuesday intern op 3rd Oct"]
[Site "Chess.com INT"]
[Date "2017.10.03"]
[Round "6"]
[White "Thanh, Nha Duong"]
[Black "Pultinevicius, Paulius"]
[Result "1-0"]
[WhiteElo "2318"]
[BlackElo "2387"]
[PlyCount "121"]
[EventDate "2017.10.03"]
[EventType "swiss (blitz)"]
[EventRounds "10"]
[EventCountry "USA"]
[SourceTitle "EXT 2021"]
[Source "ChessBase"]
[SourceDate "2020.10.23"]
[SourceVersion "1"]
[SourceVersionDate "2020.10.23"]
[SourceQuality "1"]

1. e4 e5 2. Nf3 Nc6 3. Bb5 a6 4. Bxc6 dxc6 5. 0-0 Ne7 6. b3 Ng6 7. Bb2 Bg4 8. h3 h5 9. d3 Qf6 10. Nbd2 Bc5 11. Nc4 0-0-0 12. Ne3 Bxf3 13. Qxf3 Qxf3 14. gxf3 Nh4 15. Nf5 Nxf5 16. exf5 f6 17. h4 Bd4 18. c3 Bb6 19. Rad1 g6 20. fxg6 Rhg8 21. Kh2 Rxg6 22. Rg1 Rxg1 23. Kxg1 Kd7 24. f4 Rg8+ 25. Kf1 Rg4 26. fxe5 fxe5 27. Re1 Kd6 28. Re4 Rg8 29. Ke2 Rg2 30. d4 exd4 31. cxd4 Rg6 32. Re5 Re6 33. f4 Rxe5+ 34. fxe5+ Kd5 35. Kf3 c5 36. dxc5 Bxc5 37. Kf4 Be7 38. Kg3 Ke4 39. Bc3 Kd3 40. Bb2 Kc2 41. Bd4 Kd3 42. Bb2 c5 43. Bc1 Ke4 44. Bg5 Bxg5 45. hxg5 Kf5 46. Kh4 Kg6 47. e6 b5 48. e7 Kf7 49. Kxh5 Kxe7 50. Kg4 Ke6 51. Kf4 Kf7 52. Kf5 Kg7 53. Ke5 Kg6 54. Kd5 c4 55. bxc4 bxc4 56. Kxc4 Kxg5 57. Kc5 Kf6 58. Kb6 Ke7 59. Kxa6 Kd6 60. Kb6 Kd7 61. Kb7 1-0